[Event "Koge Jubilaeumsturnering 2017"]
[Site "Koge"]
[Date "2017.06.24"]
[Round "1"]
[White "Percivaldi, Martin"]
[Black "Rozentalis, Eduardas"]
[Result "1/2-1/2"]
[WhiteElo "2433"]
[BlackElo "2509"]
[PlyCount "54"]
[EventDate "2017.??.??"]

1. Nf3 b6 2. g3 Bb7 3. Bg2 Nf6 4. O-O g6 5. d4 Bg7 6. c4 e6 7. Nc3 Ne4 8. Bd2
O-O 9. Be1 d5 10. Ne5 Nd7 11. Nxe4 dxe4 12. Nxd7 Qxd7 13. Bc3 Rad8 14. e3 f5
15. Qc2 g5 16. b4 b5 17. cxb5 Qxb5 18. a4 Qe8 19. b5 Qg6 20. f3 exf3 21. Bxf3
Bxf3 22. Rxf3 h5 23. Bb4 Rf7 24. Re1 h4 25. Qc6 hxg3 26. hxg3 Bf8 27. Bxf8
Rdxf8 1/2-1/2

[Event "Koge Jubilaeumsturnering 2017"]
[Site "Koge"]
[Date "2017.06.24"]
[Round "1"]
[White "Antonsen, Mikkel"]
[Black "Okhotnik, Vladimir"]
[Result "0-1"]
[WhiteElo "2453"]
[BlackElo "2396"]
[PlyCount "68"]
[EventDate "2017.??.??"]

1. d4 d6 2. e4 e5 3. dxe5 dxe5 4. Qxd8+ Kxd8 5. Bc4 f6 6. f4 Nd7 7. Nf3 Bd6 8.
g3 Ne7 9. Nc3 c6 10. a4 exf4 11. Bxf4 Ne5 12. Nxe5 fxe5 13. Be3 Bh3 14. Rg1 h5
15. Nd1 Kd7 16. Nf2 Be6 17. Bxe6+ Kxe6 18. Nh3 Ng8 19. Ng5+ Ke7 20. O-O-O Nf6
21. h3 Rhd8 22. Rd3 b6 23. a5 Bc7 24. Kd2 bxa5 25. Bc5+ Ke8 26. Rf1 Rab8 27.
Ba3 Rxd3+ 28. cxd3 Kd7 29. Nh7 Nxh7 30. Rf7+ Kc8 31. Rxg7 Nf6 32. Rg6 Bd8 33.
Bd6 Rxb2+ 34. Kc3 Rb5 0-1

[Event "Koge Jubilaeumsturnering 2017"]
[Site "Koge"]
[Date "2017.06.24"]
[Round "1"]
[White "Boe Olsen, Filip"]
[Black "Jacobsen, Mikkel Manosri"]
[Result "1/2-1/2"]
[WhiteElo "2235"]
[BlackElo "2247"]
[PlyCount "47"]
[EventDate "2017.??.??"]

1. d4 d5 2. c4 c6 3. Nf3 Nf6 4. e3 a6 5. Nc3 Bf5 6. Qb3 b5 7. cxd5 cxd5 8. a4
b4 9. Qxb4 Nc6 10. Qc5 Na5 11. Bxa6 Rxa6 12. Qb5+ Rc6 13. Ne5 Bd7 14. Nxd7 Nxd7
15. Bd2 Rc8 16. Nxd5 Nc4 17. Rc1 Nd6 18. Rxc8 Qxc8 19. Qa5 Nc4 20. Nc7+ Kd8 21.
Ne6+ Ke8 22. Nc7+ Kd8 23. Ne6+ Ke8 24. Nc7+ 1/2-1/2

[Event "Koge Jubilaeumsturnering 2017"]
[Site "Koge"]
[Date "2017.06.24"]
[Round "1"]
[White "Bjerre, Jonas Buhl"]
[Black "Solodovnichenko, Yuri"]
[Result "1/2-1/2"]
[WhiteElo "2330"]
[BlackElo "2583"]
[PlyCount "78"]
[EventDate "2017.??.??"]

1. e4 c5 2. Nf3 e6 3. d4 cxd4 4. Nxd4 Nc6 5. Nc3 d6 6. g4 a6 7. Be3 Bd7 8. Qe2
Nxd4 9. Bxd4 Ne7 10. O-O-O Nc6 11. Be3 Be7 12. f4 b5 13. Bg2 O-O 14. Qd2 b4 15.
Ne2 a5 16. Nd4 Nxd4 17. Qxd4 Qc7 18. Kb1 Rfc8 19. Rc1 Bf6 20. Qd2 Bc3 21. Qd3
Qb7 22. Qxd6 Bc6 23. Qd3 a4 24. Ka1 Bf6 25. g5 Be7 26. Bd4 Rd8 27. Qe3 Rd7 28.
Rhd1 b3 29. a3 Rad8 30. Bf3 Bxa3 31. bxa3 Rxd4 32. Rxd4 b2+ 33. Kb1 bxc1=R+ 34.
Kxc1 Rc8 35. Qd2 Qb8 36. Rb4 Qc7 37. Rc4 Qb8 38. Rb4 Qc7 39. Rc4 Qb8 1/2-1/2

[Event "Koge Jubilaeumsturnering 2017"]
[Site "Koge"]
[Date "2017.06.24"]
[Round "1"]
[White "Ahlander, Bjorn"]
[Black "Fries Nielsen, Jens Ove"]
[Result "1-0"]
[WhiteElo "2423"]
[BlackElo "2353"]
[PlyCount "49"]
[EventDate "2017.??.??"]

1. d4 c5 2. d5 g6 3. e4 Bg7 4. c4 d6 5. Nf3 e6 6. Be2 Ne7 7. O-O O-O 8. Nc3
exd5 9. cxd5 h6 10. Be3 a6 11. a4 Bg4 12. Nd2 Bxe2 13. Qxe2 Nd7 14. Nc4 Nb6 15.
Nxb6 Qxb6 16. a5 Qc7 17. Qd2 Kh7 18. Na4 Rae8 19. Ra3 Nc8 20. Bxh6 Rxe4 21. Rh3
Rh8 22. Nxc5 Rc4 23. Re1 Rxc5 24. Bxg7+ Kxg7 25. Rxh8 1-0

[Event "Koge Jubilaeumsturnering 2017"]
[Site "Koge"]
[Date "2017.06.25"]
[Round "2"]
[White "Solodovnichenko, Yuri"]
[Black "Ahlander, Bjorn"]
[Result "1-0"]
[WhiteElo "2583"]
[BlackElo "2423"]
[PlyCount "63"]
[EventDate "2017.??.??"]

1. e4 c5 2. Nf3 d6 3. d4 cxd4 4. Nxd4 Nf6 5. Nc3 a6 6. Be3 e5 7. Nb3 Be6 8. Qd2
Be7 9. O-O-O Ng4 10. g3 O-O 11. f4 Nxe3 12. Qxe3 Nd7 13. Kb1 Qb6 14. Qf3 Rfc8
15. f5 Bc4 16. Nd2 Bxf1 17. Nd5 Qd8 18. Nxf1 Rc4 19. Nfe3 Rd4 20. h4 Rc8 21. g4
Rxd1+ 22. Nxd1 Rc4 23. N1e3 Rc5 24. g5 Bf8 25. f6 Qe8 26. fxg7 Bxg7 27. Nf6+
Bxf6 28. gxf6 Qe6 29. Qg3+ Kf8 30. Qg7+ Ke8 31. Qh8+ Nf8 32. Nf5 1-0

[Event "Koge Jubilaeumsturnering 2017"]
[Site "Koge"]
[Date "2017.06.25"]
[Round "2"]
[White "Okhotnik, Vladimir"]
[Black "Boe Olsen, Filip"]
[Result "1-0"]
[WhiteElo "2396"]
[BlackElo "2235"]
[PlyCount "77"]
[EventDate "2017.??.??"]

1. e4 c6 2. Nc3 d5 3. Nf3 Bg4 4. h3 Bxf3 5. Qxf3 Nf6 6. Be2 e6 7. O-O Nbd7 8.
d4 dxe4 9. Nxe4 Nxe4 10. Qxe4 Nf6 11. Qd3 Be7 12. a4 O-O 13. a5 a6 14. c3 Qc7
15. Rd1 Rad8 16. b4 e5 17. Qg3 Ne4 18. Qe3 f5 19. f3 exd4 20. Rxd4 Ng3 21. Qe6+
Kh8 22. Bf4 Nxe2+ 23. Qxe2 Bd6 24. Bxd6 Rxd6 25. Qe5 Rd7 26. Qc5 Rdf7 27. Re1
h6 28. f4 Rd8 29. Re5 Rxd4 30. Qxd4 Kg8 31. Qd3 Qc8 32. h4 Kh8 33. Kf2 Kg8 34.
h5 Kh8 35. Qd6 Kg8 36. Ke3 Kh8 37. Qe6 Qc7 38. Kf3 Rd7 39. Qe8+ 1-0

[Event "Koge Jubilaeumsturnering 2017"]
[Site "Koge"]
[Date "2017.06.25"]
[Round "2"]
[White "Percivaldi, Martin"]
[Black "Antonsen, Mikkel"]
[Result "1/2-1/2"]
[WhiteElo "2433"]
[BlackElo "2453"]
[PlyCount "101"]
[EventDate "2017.??.??"]

1. d4 Nf6 2. c4 e6 3. Nf3 d5 4. Nc3 c5 5. cxd5 Nxd5 6. e4 Nxc3 7. bxc3 cxd4 8.
cxd4 Bb4+ 9. Bd2 Bxd2+ 10. Qxd2 O-O 11. Bc4 Nd7 12. O-O b6 13. Rfd1 Bb7 14. Qf4
Rc8 15. Bb3 Nf6 16. d5 exd5 17. exd5 Bxd5 18. Nh4 g6 19. Qg5 Rc5 20. Nf5 Re8
21. h4 h6 22. Nxh6+ Kf8 23. Rd4 Qd6 24. Rad1 Re5 25. Qf4 Qe6 26. Bxd5 Rcxd5 27.
Rxd5 Nxd5 28. Qf3 Nf6 29. g4 Re1+ 30. Rxe1 Qxe1+ 31. Kg2 Qe4 32. a3 b5 33. g5
Qxf3+ 34. Kxf3 Nd5 35. Ke4 Nc3+ 36. Kd4 Nb1 37. Kc5 Nxa3 38. Kb4 Nc2+ 39. Kxb5
Nd4+ 40. Ka6 Nf3 41. Kxa7 Nxh4 42. f4 Kg7 43. Kb6 f5 44. gxf6+ Kxh6 45. Kc6 Ng2
46. Kd6 Nxf4 47. f7 Kg7 48. Ke7 Nd5+ 49. Ke6 Ne3 50. f8=Q+ Kxf8 51. Kf6 1/2-1/2

[Event "Koge Jubilaeumsturnering 2017"]
[Site "Koge"]
[Date "2017.06.25"]
[Round "2"]
[White "Jacobsen, Mikkel Manosri"]
[Black "Bjerre, Jonas Buhl"]
[Result "0-1"]
[WhiteElo "2247"]
[BlackElo "2330"]
[PlyCount "60"]
[EventDate "2017.??.??"]

1. c4 c5 2. g3 Nc6 3. Bg2 g6 4. Nc3 Bg7 5. e3 e6 6. Nge2 Nge7 7. O-O O-O 8. d4
cxd4 9. exd4 d5 10. cxd5 Nxd5 11. Nxd5 exd5 12. Be3 Bg4 13. h3 Bxe2 14. Qxe2
Nxd4 15. Qd2 Qf6 16. Rad1 Nf5 17. Bg5 Qb6 18. Rfe1 d4 19. g4 Nd6 20. Re7 Rac8
21. Qf4 Rc2 22. Bd5 Rc7 23. Rde1 Rxe7 24. Rxe7 Qc5 25. Qf3 h6 26. Bd2 Kh7 27.
a3 a5 28. Rd7 Nc4 29. Bxh6 Ne5 30. Qf4 Nxd7 0-1

[Event "Koge Jubilaeumsturnering 2017"]
[Site "Koge"]
[Date "2017.06.25"]
[Round "2"]
[White "Rozentalis, Eduardas"]
[Black "Fries Nielsen, Jens Ove"]
[Result "1-0"]
[WhiteElo "2509"]
[BlackElo "2353"]
[PlyCount "117"]
[EventDate "2017.??.??"]

1. e4 e6 2. d4 Ne7 3. Nc3 d6 4. Nf3 Nd7 5. Be3 a6 6. a4 b6 7. Bd3 Bb7 8. O-O h6
9. Re1 g6 10. Qd2 Bg7 11. h3 c5 12. Rad1 Qc7 13. Bf1 Rd8 14. Nh2 cxd4 15. Bxd4
e5 16. Be3 Nf6 17. Ng4 Nxg4 18. hxg4 h5 19. g5 O-O 20. Nd5 Bxd5 21. exd5 a5 22.
f3 Nf5 23. Bf2 f6 24. Bd3 fxg5 25. Qxg5 Kh7 26. Bxf5 Rxf5 27. Qe3 Rb8 28. Qb3
Rf4 29. Re4 Rxe4 30. fxe4 Qd7 31. c4 Qg4 32. Qf3 Qd7 33. b3 Bh6 34. Qh3 Qxh3
35. gxh3 Bf4 36. Kf1 Bg5 37. Ke2 Bd8 38. Be3 Kg7 39. Rb1 Ra8 40. Kd3 Ra7 41.
Ke2 Ra8 42. Bd2 Rc8 43. Kd3 Ra8 44. Ra1 Ra7 45. b4 axb4 46. Bxb4 Be7 47. Bc3 g5
48. a5 bxa5 49. c5 a4 50. c6 a3 51. Ra2 Kf7 52. Bb4 Ke8 53. Kc4 Ra8 54. Kb3 Kd8
55. Bxa3 Ke8 56. Rf2 Rb8+ 57. Bb4 Ra8 58. Kc4 Ra1 59. c7 1-0

[Event "Koge Jubilaeumsturnering 2017"]
[Site "Koge"]
[Date "2017.06.26"]
[Round "3"]
[White "Antonsen, Mikkel"]
[Black "Rozentalis, Eduardas"]
[Result "0-1"]
[WhiteElo "2453"]
[BlackElo "2509"]
[PlyCount "58"]
[EventDate "2017.??.??"]

1. d4 Nf6 2. c4 e6 3. Nf3 b6 4. g3 Bb7 5. Bg2 Be7 6. O-O O-O 7. Nc3 Ne4 8. Bd2
Nxc3 9. Bxc3 d5 10. cxd5 exd5 11. b4 c6 12. a4 Qc7 13. Qb3 Nd7 14. Rac1 Rfe8
15. Qb2 Bf8 16. Rfd1 Rad8 17. Nh4 Nf6 18. b5 Qe7 19. e3 Ne4 20. bxc6 Bxc6 21.
a5 Ba4 22. Re1 Nxc3 23. Qxc3 Qb4 24. Qc7 bxa5 25. Nf3 Bd6 26. Qc3 Qxc3 27. Rxc3
Bb4 28. Rec1 Bxc3 29. Rxc3 Rc8 0-1

[Event "Koge Jubilaeumsturnering 2017"]
[Site "Koge"]
[Date "2017.06.26"]
[Round "3"]
[White "Boe Olsen, Filip"]
[Black "Percivaldi, Martin"]
[Result "0-1"]
[WhiteElo "2235"]
[BlackElo "2433"]
[PlyCount "118"]
[EventDate "2017.??.??"]

1. d4 Nf6 2. c4 e6 3. Nc3 Bb4 4. e3 O-O 5. Bd3 d5 6. Nf3 b6 7. O-O Bb7 8. a3
Bd6 9. cxd5 exd5 10. b4 c6 11. Bb2 Nbd7 12. Rc1 Re8 13. h3 Qe7 14. Re1 Ne4 15.
Nd2 f5 16. f3 Nxd2 17. Qxd2 Qg5 18. f4 Qh5 19. Qc2 g6 20. Qd1 Qh4 21. Qf3 Nf6
22. Re2 b5 23. Qf2 Qxf2+ 24. Kxf2 a5 25. Na2 axb4 26. Nxb4 Bxb4 27. axb4 Ra4
28. Bc3 Rea8 29. Bc2 Ra2 30. Kf3 Bc8 31. Bb1 R2a6 32. Be1 Be6 33. Rec2 Bd7 34.
Rb2 Kf7 35. Rcc2 Ra1 36. Re2 R8a4 37. Bc2 R4a3 38. Rb1 Ne4 39. Rxa1 Rxa1 40. g4
fxg4+ 41. hxg4 h5 42. f5 hxg4+ 43. Kxg4 Bxf5+ 44. Kf4 Kf6 45. Bxe4 g5+ 46. Kg3
Bxe4 47. Bc3 Rd1 48. Bd2 Kg6 49. Bc3 Rg1+ 50. Kh2 Rf1 51. Kg3 g4 52. Rf2 Rg1+
53. Kh2 Rh1+ 54. Kg3 Kg5 55. Rh2 Rg1+ 56. Kf2 Rc1 57. Bd2 Rd1 58. Kg3 Rf1 59.
Rf2 Rg1+ 0-1

[Event "Koge Jubilaeumsturnering 2017"]
[Site "Koge"]
[Date "2017.06.26"]
[Round "3"]
[White "Bjerre, Jonas Buhl"]
[Black "Okhotnik, Vladimir"]
[Result "1/2-1/2"]
[WhiteElo "2330"]
[BlackElo "2396"]
[PlyCount "39"]
[EventDate "2017.??.??"]

1. e4 c6 2. d4 d5 3. Nc3 dxe4 4. Nxe4 Bf5 5. Ng3 Bg6 6. N1e2 Nf6 7. Nf4 e5 8.
Nxg6 hxg6 9. dxe5 Qa5+ 10. Bd2 Qxe5+ 11. Qe2 Nbd7 12. Bc3 Qxe2+ 13. Bxe2 O-O-O
14. O-O-O Rh4 15. Rd4 Rxd4 16. Bxd4 Bc5 17. Rd1 Rh8 18. h3 Rh4 19. Bxc5 Nxc5
20. Bf3 1/2-1/2

[Event "Koge Jubilaeumsturnering 2017"]
[Site "Koge"]
[Date "2017.06.26"]
[Round "3"]
[White "Ahlander, Bjorn"]
[Black "Jacobsen, Mikkel Manosri"]
[Result "1-0"]
[WhiteElo "2423"]
[BlackElo "2247"]
[PlyCount "65"]
[EventDate "2017.??.??"]

1. d4 f5 2. Nf3 Nf6 3. g3 g6 4. Bg2 Bg7 5. O-O O-O 6. b3 d6 7. Bb2 c6 8. Nbd2
a5 9. c4 Na6 10. Qc2 Qc7 11. a3 Nh5 12. e4 f4 13. Bc3 b5 14. cxb5 cxb5 15. b4
fxg3 16. hxg3 Bg4 17. bxa5 Kh8 18. Rac1 Rac8 19. Qd3 Qd7 20. Qe3 Rc7 21. d5
Rfc8 22. Bxg7+ Kxg7 23. Rxc7 Rxc7 24. e5 Qc8 25. Nd4 Rc3 26. Qg5 Rd3 27. Qxe7+
Kg8 28. N2f3 dxe5 29. Qxe5 Qc5 30. Qe8+ Kg7 31. Qe4 Bxf3 32. Ne6+ Kf6 33. Qxd3
1-0

[Event "Koge Jubilaeumsturnering 2017"]
[Site "Koge"]
[Date "2017.06.26"]
[Round "3"]
[White "Fries Nielsen, Jens Ove"]
[Black "Solodovnichenko, Yuri"]
[Result "0-1"]
[WhiteElo "2353"]
[BlackElo "2583"]
[PlyCount "68"]
[EventDate "2017.??.??"]

1. e4 c5 2. Nc3 a6 3. g3 b5 4. Bg2 Bb7 5. Nge2 Nf6 6. O-O e5 7. a4 b4 8. Nd5
Nxd5 9. exd5 d6 10. a5 Nd7 11. c3 bxc3 12. dxc3 Be7 13. c4 f5 14. f4 e4 15. g4
fxg4 16. f5 Ne5 17. Nf4 Bc8 18. Bxe4 O-O 19. Qc2 Rb8 20. Bd2 Bf6 21. Rab1 Nf3+
22. Bxf3 Bd4+ 23. Kh1 gxf3 24. Ne6 Bxe6 25. dxe6 f2 26. Qe4 Qf6 27. b4 Qxf5 28.
Qxf5 Rxf5 29. b5 Rf6 30. Kg2 Rg6+ 31. Kf3 Rxe6 32. bxa6 Rf8+ 33. Kg4 Rg6+ 34.
Kh4 Ra8 0-1

[Event "Koge Jubilaeumsturnering 2017"]
[Site "Koge"]
[Date "2017.06.27"]
[Round "4"]
[White "Rozentalis, Eduardas"]
[Black "Solodovnichenko, Yuri"]
[Result "1/2-1/2"]
[WhiteElo "2509"]
[BlackElo "2583"]
[PlyCount "35"]
[EventDate "2017.??.??"]

1. e4 e5 2. Nf3 Nf6 3. Nxe5 d6 4. Nf3 Nxe4 5. Qe2 Qe7 6. d3 Nf6 7. Bg5 Qxe2+ 8.
Bxe2 Nbd7 9. Nc3 c6 10. O-O-O h6 11. Bd2 Be7 12. Ne4 d5 13. Nxf6+ Nxf6 14. h3
O-O 15. Bc3 Re8 16. Rhe1 Be6 17. Nd4 Bd7 18. Nb3 1/2-1/2

[Event "Koge Jubilaeumsturnering 2017"]
[Site "Koge"]
[Date "2017.06.27"]
[Round "4"]
[White "Jacobsen, Mikkel Manosri"]
[Black "Fries Nielsen, Jens Ove"]
[Result "1-0"]
[WhiteElo "2247"]
[BlackElo "2353"]
[PlyCount "63"]
[EventDate "2017.??.??"]

1. Nf3 d5 2. b3 Bg4 3. Bb2 Bxf3 4. gxf3 e6 5. e3 Nd7 6. d3 Ngf6 7. Nd2 a5 8. a3
Bd6 9. f4 e5 10. fxe5 Bxe5 11. d4 Bd6 12. c4 c6 13. Qf3 Qe7 14. Bd3 O-O 15. h4
Rae8 16. cxd5 cxd5 17. Ke2 Ne4 18. Bxe4 dxe4 19. Qf5 a4 20. bxa4 g6 21. Rag1
Kh8 22. Qb5 f5 23. Nc4 f4 24. h5 Rf5 25. d5+ Kg8 26. Rxg6+ hxg6 27. hxg6 Rf6
28. Rh7 Rxg6 29. Rxe7 Rxe7 30. Nxd6 Rxd6 31. Qb4 f3+ 32. Ke1 1-0

[Event "Koge Jubilaeumsturnering 2017"]
[Site "Koge"]
[Date "2017.06.27"]
[Round "4"]
[White "Okhotnik, Vladimir"]
[Black "Ahlander, Bjorn"]
[Result "1/2-1/2"]
[WhiteElo "2396"]
[BlackElo "2423"]
[PlyCount "90"]
[EventDate "2017.??.??"]

1. e4 c5 2. c3 d6 3. d4 Nf6 4. Bd3 Nc6 5. Nf3 g6 6. h3 Bg7 7. O-O O-O 8. Re1 e5
9. dxe5 Nxe5 10. Nxe5 dxe5 11. Bg5 h6 12. Be3 b6 13. Bc4 Qe7 14. Nd2 Bb7 15.
Qe2 Rad8 16. Rad1 Rd6 17. f3 Nh5 18. Nf1 Rfd8 19. Rxd6 Rxd6 20. Rd1 Nf4 21. Qc2
Bf6 22. Rxd6 Qxd6 23. Qa4 Bc6 24. Qxa7 Bd7 25. Qa8+ Kg7 26. Bxf4 exf4 27. Qd5
Qxd5 28. Bxd5 b5 29. Nd2 b4 30. cxb4 cxb4 31. b3 Bc3 32. Nc4 Bd4+ 33. Kh2 f5
34. g4 fxg3+ 35. Kxg3 Kf6 36. a4 bxa3 37. Nxa3 g5 38. Nc4 Bb5 39. Na3 Bf1 40.
exf5 Bc5 41. Nc2 Bd6+ 42. Kg4 h5+ 43. Kxh5 Bxh3 44. Ne3 Bxf5 45. Be4 Be6
1/2-1/2

[Event "Koge Jubilaeumsturnering 2017"]
[Site "Koge"]
[Date "2017.06.27"]
[Round "4"]
[White "Percivaldi, Martin"]
[Black "Bjerre, Jonas Buhl"]
[Result "1/2-1/2"]
[WhiteElo "2433"]
[BlackElo "2330"]
[PlyCount "69"]
[EventDate "2017.??.??"]

1. d4 Nf6 2. c4 g6 3. Nc3 Bg7 4. e4 d6 5. Bd3 O-O 6. Nge2 Nc6 7. O-O e5 8. d5
Nd4 9. Bc2 Nxc2 10. Qxc2 Ne8 11. Be3 f5 12. exf5 Bxf5 13. Qd2 Nf6 14. Bg5 Qe8
15. Ng3 Nh5 16. Nxh5 gxh5 17. f3 Qg6 18. Rac1 h4 19. Qe3 h3 20. g3 h6 21. Bh4
e4 22. fxe4 Bg4 23. Rxf8+ Rxf8 24. Rf1 Rxf1+ 25. Kxf1 c5 26. dxc6 bxc6 27. Ke1
Qe6 28. Qd3 Bxc3+ 29. bxc3 Bf5 30. Kd2 Bxe4 31. Qd4 c5 32. Qf6 Qxf6 33. Bxf6
Kf7 34. Bd8 Ke6 35. Bc7 1/2-1/2

[Event "Koge Jubilaeumsturnering 2017"]
[Site "Koge"]
[Date "2017.06.27"]
[Round "4"]
[White "Antonsen, Mikkel"]
[Black "Boe Olsen, Filip"]
[Result "0-1"]
[WhiteElo "2453"]
[BlackElo "2235"]
[PlyCount "50"]
[EventDate "2017.??.??"]

1. d4 d5 2. Nf3 Nf6 3. c4 e6 4. g3 Be7 5. Bg2 O-O 6. O-O dxc4 7. Ne5 Nc6 8.
Nxc6 bxc6 9. Na3 Bxa3 10. bxa3 Rb8 11. Qa4 Qxd4 12. Be3 Qb2 13. Qxc4 Nd5 14.
Bxa7 Ra8 15. Bc5 Ba6 16. Qh4 Rfe8 17. Bd4 Qxa3 18. Rfc1 Bxe2 19. Rxc6 Bf3 20.
Rac1 Bxg2 21. Kxg2 e5 22. Ba1 Qxa2 23. Qe4 Nf6 24. Rxf6 gxf6 25. Rc4 Qxa1 0-1

[Event "Koge Jubilaeumsturnering 2017"]
[Site "Koge"]
[Date "2017.06.28"]
[Round "5"]
[White "Boe Olsen, Filip"]
[Black "Rozentalis, Eduardas"]
[Result "1/2-1/2"]
[WhiteElo "2235"]
[BlackElo "2509"]
[PlyCount "82"]
[EventDate "2017.??.??"]

1. d4 Nf6 2. c4 e6 3. Nc3 Bb4 4. e3 O-O 5. Nge2 Re8 6. a3 Bf8 7. d5 d6 8. Ng3
c6 9. Be2 exd5 10. cxd5 cxd5 11. Bf3 d4 12. Qxd4 Nc6 13. Qd1 Ne5 14. O-O Nxf3+
15. Qxf3 d5 16. h3 Re5 17. Rd1 h5 18. e4 Qe8 19. exd5 h4 20. Nf1 Bd6 21. Be3
Rf5 22. Qe2 Bd7 23. Rd4 Qe7 24. Qd2 Nh5 25. Re4 Re5 26. Rxe5 Qxe5 27. Qd4 Nf4
28. Qxe5 Bxe5 29. Bxf4 Bxf4 30. Nh2 Re8 31. Nf3 g5 32. Kf1 f6 33. Re1 Rxe1+ 34.
Nxe1 Bf5 35. Ke2 a6 36. Nd3 Bd6 37. b4 Kf7 38. Nc5 b6 39. N5a4 Be5 40. b5 axb5
41. Nxb5 Bd7 1/2-1/2

[Event "Koge Jubilaeumsturnering 2017"]
[Site "Koge"]
[Date "2017.06.28"]
[Round "5"]
[White "Bjerre, Jonas Buhl"]
[Black "Antonsen, Mikkel"]
[Result "1/2-1/2"]
[WhiteElo "2330"]
[BlackElo "2453"]
[PlyCount "66"]
[EventDate "2017.??.??"]

1. e4 e5 2. Nf3 Nf6 3. Nxe5 d6 4. Nf3 Nxe4 5. d4 d5 6. Bd3 Bd6 7. O-O O-O 8. c4
c6 9. Nc3 Nxc3 10. bxc3 Bg4 11. Rb1 dxc4 12. Bxc4 b5 13. Bd3 Nd7 14. a4 a6 15.
c4 bxc4 16. Bxc4 Nb6 17. Be2 Nd5 18. Rb3 Re8 19. Re1 Rb8 20. h3 Rxb3 21. Qxb3
Bxf3 22. Qxf3 Qa5 23. Rf1 Qxa4 24. Qg4 Nf6 25. Qf3 a5 26. Be3 Nd5 27. Rc1 g6
28. Bc4 Ba3 29. Bxd5 cxd5 30. Rc7 Be7 31. Qxd5 Rd8 32. Qf3 Qa1+ 33. Rc1 Qa2
1/2-1/2

[Event "Koge Jubilaeumsturnering 2017"]
[Site "Koge"]
[Date "2017.06.28"]
[Round "5"]
[White "Ahlander, Bjorn"]
[Black "Percivaldi, Martin"]
[Result "1-0"]
[WhiteElo "2423"]
[BlackElo "2433"]
[PlyCount "115"]
[EventDate "2017.??.??"]

1. d4 Nf6 2. c4 e6 3. Nc3 Bb4 4. e3 O-O 5. Nge2 d5 6. a3 Be7 7. cxd5 exd5 8.
Nf4 c6 9. Bd3 Na6 10. O-O Nc7 11. Bc2 Re8 12. f3 c5 13. Kh1 b6 14. g4 h6 15.
Rg1 Bd6 16. Nce2 Ne6 17. Nxe6 Bxe6 18. Ng3 cxd4 19. exd4 Qc7 20. Bd2 Bf4 21.
Rc1 Qd6 22. Ne2 Bxd2 23. Qxd2 Nh7 24. Qf4 Qd8 25. Bxh7+ Kxh7 26. g5 h5 27. Rc7
Rc8 28. Rgc1 Rxc7 29. Rxc7 Re7 30. Rxe7 Qxe7 31. Qe5 Qd7 32. Nf4 g6 33. Kg2 Qc6
34. Kg3 Qc1 35. Nxe6 Qg1+ 36. Kh3 fxe6 37. Qc7+ Kg8 38. Qd8+ Kf7 39. Qd7+ Kf8
40. Qd8+ Kf7 41. Qf6+ Ke8 42. Qxe6+ Kd8 43. Qxd5+ Kc7 44. Qf7+ Kb8 45. Qe8+ Kc7
46. Qf7+ Kb8 47. Qxg6 Qf1+ 48. Kh4 Qf2+ 49. Kxh5 Qxh2+ 50. Kg4 Qg2+ 51. Kf4
Qd2+ 52. Kg3 Qe1+ 53. Kg4 Qg1+ 54. Kf5 Qb1+ 55. Kf6 Qxb2 56. Qe8+ Kb7 57. Qe4+
Ka6 58. Qd3+ 1-0

[Event "Koge Jubilaeumsturnering 2017"]
[Site "Koge"]
[Date "2017.06.28"]
[Round "5"]
[White "Fries Nielsen, Jens Ove"]
[Black "Okhotnik, Vladimir"]
[Result "0-1"]
[WhiteElo "2353"]
[BlackElo "2396"]
[PlyCount "50"]
[EventDate "2017.??.??"]

1. e4 e5 2. Nf3 Nc6 3. d3 Nf6 4. Be2 d5 5. Nbd2 Bd6 6. O-O O-O 7. c3 a5 8. exd5
Nxd5 9. Nc4 h6 10. d4 e4 11. Nfd2 Re8 12. Nxd6 Qxd6 13. Nc4 Qf6 14. f4 e3 15.
a4 Nxf4 16. Bxe3 Nxe2+ 17. Qxe2 Qg6 18. d5 Bg4 19. Qf2 Ne5 20. Nxe5 Rxe5 21.
Bf4 Rxd5 22. Bxc7 Rc8 23. Bg3 Rcd8 24. h3 Bxh3 25. gxh3 Rd3 0-1

[Event "Koge Jubilaeumsturnering 2017"]
[Site "Koge"]
[Date "2017.06.28"]
[Round "5"]
[White "Solodovnichenko, Yuri"]
[Black "Jacobsen, Mikkel Manosri"]
[Result "1-0"]
[WhiteElo "2583"]
[BlackElo "2247"]
[PlyCount "63"]
[EventDate "2017.??.??"]

1. e4 c6 2. Nf3 d5 3. Nc3 Bg4 4. d4 e6 5. h3 Bxf3 6. Qxf3 dxe4 7. Nxe4 Qxd4 8.
c3 Qd5 9. Bf4 f5 10. Ng5 Qxf3 11. gxf3 Nf6 12. Nxe6 Nd5 13. O-O-O Nxf4 14. Nc7+
Ke7 15. Bc4 Nd5 16. Nxa8 Kd6 17. Bxd5 cxd5 18. c4 Be7 19. Rxd5+ Kc6 20. Re1
Bg5+ 21. f4 Bxf4+ 22. Kc2 b6 23. Re6+ Kb7 24. Rxf5 g5 25. Nxb6 axb6 26. Rf7+
Bc7 27. Rh6 Na6 28. a3 Nc5 29. b4 Na6 30. c5 bxc5 31. b5 Nb8 32. b6 1-0

[Event "Koge Jubilaeumsturnering 2017"]
[Site "Koge"]
[Date "2017.06.29"]
[Round "6"]
[White "Rozentalis, Eduardas"]
[Black "Jacobsen, Mikkel Manosri"]
[Result "1/2-1/2"]
[WhiteElo "2509"]
[BlackElo "2247"]
[PlyCount "60"]
[EventDate "2017.??.??"]

1. e4 c6 2. d4 d5 3. exd5 cxd5 4. Bd3 Nc6 5. c3 Nf6 6. h3 g6 7. Nf3 Bg7 8. O-O
O-O 9. Na3 Nd7 10. Qb3 e5 11. Qxd5 exd4 12. cxd4 Nde5 13. Be4 Nxf3+ 14. Bxf3
Nxd4 15. Re1 Be6 16. Qxb7 Rb8 17. Qe4 Nxf3+ 18. Qxf3 Qa5 19. Bf4 Rxb2 20. Rac1
Bd4 21. Rf1 Rxa2 22. Bd6 Re8 23. Nc2 Bb2 24. Rcd1 Qa4 25. Nb4 Ra1 26. Rxa1 Bxa1
27. Qc6 Qxc6 28. Nxc6 Bc3 29. Rc1 Bd2 30. Rd1 Bc3 1/2-1/2

[Event "Koge Jubilaeumsturnering 2017"]
[Site "Koge"]
[Date "2017.06.29"]
[Round "6"]
[White "Okhotnik, Vladimir"]
[Black "Solodovnichenko, Yuri"]
[Result "0-1"]
[WhiteElo "2396"]
[BlackElo "2583"]
[PlyCount "74"]
[EventDate "2017.??.??"]

1. e4 c5 2. c3 Nf6 3. e5 Nd5 4. Nf3 d6 5. d4 cxd4 6. cxd4 Nc6 7. Bc4 dxe5 8.
dxe5 Ndb4 9. Qxd8+ Kxd8 10. Na3 Bg4 11. Bd2 e6 12. Bc3 Bxf3 13. gxf3 a6 14.
O-O-O+ Kc7 15. Rhe1 Bc5 16. Re2 b5 17. Bxb4 Nxb4 18. Bb3 Rad8 19. Red2 Rxd2 20.
Rxd2 Rd8 21. Rxd8 Kxd8 22. Kd2 Bxf2 23. f4 Nd5 24. Bxd5 exd5 25. Nc2 Bc5 26. b4
Bg1 27. h3 Ke7 28. Ne1 f6 29. Nf3 Bb6 30. f5 Bc7 31. exf6+ Kxf6 32. Nd4 Be5 33.
Ne6 Kxf5 34. Nc5 Bd6 35. Nxa6 g5 36. a4 bxa4 37. b5 a3 0-1

[Event "Koge Jubilaeumsturnering 2017"]
[Site "Koge"]
[Date "2017.06.29"]
[Round "6"]
[White "Percivaldi, Martin"]
[Black "Fries Nielsen, Jens Ove"]
[Result "1-0"]
[WhiteElo "2433"]
[BlackElo "2353"]
[PlyCount "41"]
[EventDate "2017.??.??"]

1. Nf3 d6 2. d4 Nf6 3. c4 Bg4 4. Qb3 Qc8 5. g3 c6 6. Bg2 g6 7. O-O Bg7 8. Nc3
O-O 9. e4 Nbd7 10. Be3 Qc7 11. Nd2 Nb6 12. h3 Be6 13. Rac1 Qc8 14. Kh2 c5 15.
d5 Bd7 16. f4 e6 17. e5 Ne8 18. Nf3 Qc7 19. dxe6 fxe6 20. Ne4 h6 21. Qd3 1-0

[Event "Koge Jubilaeumsturnering 2017"]
[Site "Koge"]
[Date "2017.06.29"]
[Round "6"]
[White "Antonsen, Mikkel"]
[Black "Ahlander, Bjorn"]
[Result "1/2-1/2"]
[WhiteElo "2453"]
[BlackElo "2423"]
[PlyCount "87"]
[EventDate "2017.??.??"]

1. d4 Nf6 2. c4 e6 3. Nf3 d5 4. g3 Be7 5. Bg2 O-O 6. O-O dxc4 7. Qc2 a6 8. a4
Bd7 9. Rd1 Nc6 10. Qxc4 a5 11. Nc3 h6 12. e4 Nb4 13. Bf4 c6 14. Qe2 b6 15. Na2
Nxa2 16. Rxa2 Bc8 17. Ne5 Bb7 18. Raa1 Bb4 19. Rac1 Rc8 20. Nd3 Qe7 21. Nxb4
Qxb4 22. Qc4 Qxc4 23. Rxc4 Rfd8 24. f3 c5 25. Be3 e5 26. d5 Ne8 27. f4 f6 28.
fxe5 fxe5 29. Rc2 Rc7 30. b4 axb4 31. a5 bxa5 32. Rxc5 Rxc5 33. Bxc5 b3 34. Bf1
Nd6 35. Bb6 Rc8 36. Bxa5 b2 37. Rb1 Nxe4 38. Rxb2 Bxd5 39. Re2 Rc5 40. Bb4 Rc4
41. Ba3 Rc7 42. Bg2 Rc4 43. Bb2 Rb4 44. Bxe4 1/2-1/2